[Event "NOR-ch Elite 2017"]
[Site "Stavanger"]
[Date "2017.07.01"]
[Round "2"]
[White "Mihajlov, Sebastian"]
[Black "Moen, Andreas"]
[Result "1/2-1/2"]
[WhiteElo "2414"]
[BlackElo "2330"]
[Annotator "TA"]
[PlyCount "56"]
[EventDate "2017.??.??"]
[EventType "swiss"]
[EventCountry "NOR"]
[SourceTitle "playchess.com"]
[Source "ChessBase"]
[SourceQuality "1"]

{[%evp 21,56,4,24,9,25,12,152,149,157,0,0,-14,-19,-25,0,0,0,0,5,0,-7,-18,0,-3,0,0,0,0,0,-14,-12,-45,-50,-44,-36,-53,-8]} 1. d4 Nf6 2. c4 e6 3. Nf3 Bb4+ 4. Nbd2 b6 5. e3 O-O 6. Bd3 d5 7. a3 Be7 8. O-O Bb7 9. b3 Nbd7 10. Bb2 c5 11. cxd5 {E14: Queen's Indian: Classical Variation (4 e3)} (11. Rc1 Rc8 12. Qe2 cxd4 13. exd4 Re8 14. Rfd1 Bf8 15. Nf1 dxc4 16. bxc4 Qc7 17. Ne3 g6 18. Bb1 Nh5 19. g3 Nhf6 20. Ba2 {½-½ (55) Ponomariov,R (2723)-Zhao,J (2603) Danzhou 2014}) 11... exd5 {LiveBook: 3 Games} 12. Ne5 Ne4 $146 (12... Rc8 {is more complex.} 13. Re1 Re8 14. Rc1 Bd6 15. Ndf3 Nf8) ({Predecessor:} 12... Re8 13. f4 Bd6 14. Rf3 Ne4 15. Rh3 Ndf6 16. Nxe4 dxe4 {1-0 (42) Werle,J (2555)-Breier,A (2380) Germany 2017}) 13. f3 {White has an edge.} (13. Nxe4 {feels hotter.} dxe4 14. Bc4 cxd4 15. Bxd4 Nxe5 16. Bxe5 Qxd1 17. Rfxd1 Rfd8 18. g3) 13... cxd4 (13... Nxe5 $11 14. dxe5 Nxd2 15. Qxd2 c4) 14. Nxd7 $16 ({Stronger than} 14. Bxd4 Nxe5 15. Bxe5 Nc5 $15) 14... Nxd2 {[#]} 15. Nxf8 $2 ({But not} 15. Qxd2 $6 Qxd7 16. Bxd4 Rac8 $14) (15. Bxh7+ $1 $16 {[%mdl 512]} Kh8 (15... Kxh7 16. Nxf8+) 16. Qxd2 Qxd7 17. Bc2 (17. Qxd4 $2 Bf6 $17)) 15... Nxf1 $11 16. Bxf1 (16. Bxh7+ {seems wilder.} Kxf8 17. Qxd4 Bf6 18. Qb4+ Be7 19. Qg4) 16... Qxf8 17. Qxd4 Bf6 (17... Bc5 $5 {[%cal Rc5d4]} 18. Qf4 Qe7 $11) 18. Qd2 Bxb2 19. Qxb2 Qc5 20. Re1 Rc8 21. Kf2 (21. b4 $5 {[%cal Rb4c5]} Qc6 22. Rd1 $11) 21... Qc2+ 22. Re2 Qxb2 (22... Qc7 {looks sharper.} 23. g3 Qc3 24. Rd2 d4 25. Qxc3 dxc3 26. Rc2 Bd5) 23. Rxb2 {[%mdl 4096] Endgame KRB-KRB} Rc3 24. Ke2 Rc1 {[#] ...Ba6+ is the strong threat.} 25. b4 Kf8 26. g3 Ra1 {Black is slightly better.} 27. Rb3 Ke7 28. Kf2 Kd6 {Precision: White = 33%, Black = 42%.} 1/2-1/2

[Event "NOR-ch Elite 2017"]
[Site "Stavanger"]
[Date "2017.07.01"]
[Round "2"]
[White "Lovik, Lasse Ostebo"]
[Black "Tryggestad, Andreas Garberg"]
[Result "0-1"]
[WhiteElo "2400"]
[BlackElo "2314"]
[Annotator "TA"]
[PlyCount "70"]
[EventDate "2017.??.??"]
[EventType "swiss"]
[EventCountry "NOR"]
[SourceTitle "playchess.com"]
[Source "ChessBase"]
[SourceQuality "1"]

{[%evp 13,70,27,28,0,37,36,31,24,40,40,37,41,42,-45,-45,-43,-39,-45,-42,-58,-52,-106,-100,-166,-165,-174,-177,-177,-172,-171,-152,-246,-138,-138,-137,-165,-148,-176,-173,-152,-168,-174,-168,-164,-148,-180,-185,-178,-172,-242,-235,-488,-472,-662,-641,-1462,-1433,-29987,-29988]} 1. d4 Nf6 2. c4 g6 3. Nc3 d5 4. Bg5 Ne4 5. Bh4 Nxc3 6. bxc3 dxc4 7. e3 Be6 8. Qb1 {D80: Grünfeld: Unusual White 4th moves and 4 Bg5} Qc8 (8... b6 9. Nh3 Bh6 10. Bg5 Bxg5 11. Nxg5 Qd5 12. Nxe6 Qxe6 13. Qb4 Qd5 14. Qxc4 Qxc4 15. Bxc4 e6 {1-0 (67) Nakamura,H (2785)-Giri,A (2771) Stavanger 2017}) 9. Nf3 Nd7 $146 ({Predecessor:} 9... Bg7 10. Ng5 Bf6 11. Nxe6 Bxh4 12. Nc5 b6 13. Qe4 Qf5 14. Qxh4 bxc5 15. Bxc4 cxd4 16. cxd4 {1-0 (26) Maslak,K (2558)-Mingachev,M (2406) St Petersburg 2006}) 10. Ng5 {White is slightly better.} Nb6 11. a4 a5 12. Nxe6 Qxe6 13. Qb5+ (13. Be2 $1 $14) 13... Qc6 $15 14. Qxc6+ bxc6 15. Be2 Kd7 16. O-O e6 17. Bf3 (17. e4 $15) 17... Rb8 $17 18. Rfd1 (18. e4 $17 {is a better defense.}) 18... Nd5 $19 19. e4 Nxc3 20. Rdc1 {[#]} Rb3 $1 21. Bf6 Rg8 22. Rc2 (22. d5 $17 Bg7 23. dxe6+ fxe6 24. Bxg7 Rxg7 25. Rc2) 22... Be7 (22... Bb4 $19 23. h3 Rb8) 23. Bxe7 $17 Kxe7 24. Rac1 {[#]} Rgb8 $1 25. h4 Nxa4 {...Nb2 is the strong threat.} 26. Rxc4 Rb1 27. Rxc6 Rxc1+ 28. Rxc1 $19 {[%mdl 4096] Endgame KRB-KRN} Kd8 29. e5 Rb4 30. d5 Nb6 31. Rc5 (31. dxe6 $142 fxe6 32. Ra1) 31... a4 {[%cal Ba5a4,Ba4a3,Ba3a2][%mdl 32]} ({Much less strong is} 31... exd5 32. Bxd5 Nxd5 33. Rxd5+ Ke7 34. Rxa5 $17) ({Weaker is} 31... Rxh4 32. dxe6 fxe6 33. Rxa5 $17) ({Resist} 31... Nxd5 32. Bxd5 exd5 33. Rxd5+ Ke7 34. Rxa5 $17) 32. d6 $2 (32. dxe6 {might work better.} fxe6 33. Ra5) 32... cxd6 33. exd6 (33. Ra5 $142 dxe5 34. g3) 33... a3 {Threatens to win with ...a2.} 34. Ra5 Ra4 35. Rb5 a2 {Precision: White = 41%, Black = 89%.} 0-1

[Event "NOR-ch Elite 2017"]
[Site "Stavanger"]
[Date "2017.07.01"]
[Round "2"]
[White "Fossan, Erik"]
[Black "Christiansen, Johan-Sebastian"]
[Result "0-1"]
[WhiteElo "2347"]
[BlackElo "2458"]
[Annotator "TA"]
[PlyCount "72"]
[EventDate "2017.??.??"]
[EventType "swiss"]
[EventCountry "NOR"]
[SourceTitle "playchess.com"]
[Source "ChessBase"]
[SourceQuality "1"]

{[%evp 9,72,-14,-2,-1,12,17,15,11,87,19,33,0,8,10,27,14,35,42,41,9,43,36,33,0,0,2,12,-17,-9,-16,-13,-12,12,9,25,22,13,0,0,0,0,0,200,0,0,0,0,0,0,-86,-74,-89,-98,-121,0,0,103,-45,-53,-86,-91,-637,-635,-2131,-2090]} 1. e4 e6 2. d4 d5 3. exd5 exd5 4. Nf3 Nf6 5. Bg5 c6 (5... Be7 6. Bd3 O-O 7. O-O Bg4 8. Nbd2 Nbd7 9. c3 c6 10. Qc2 h6 11. Bf4 Nh5 12. Be5 Nxe5 13. dxe5 Nf4 14. Bh7+ Kh8 15. Bf5 Bxf5 16. Qxf5 Ne6 17. Nd4 Bc5 18. N2b3 Bxd4 19. Nxd4 {½-½ (30) Grischuk,A (2785)-Dominguez Perez,L (2757) Elancourt 2013}) 6. Bd3 {C01: French: Exchange Variation} h6 7. Bh4 Be7 8. O-O {The position is equal.} Qb6 (8... O-O $11) 9. Qc1 $146 (9. Re1 $16) ({Predecessor:} 9. b3 Bg4 10. Nbd2 Nbd7 11. Re1 Be6 12. c3 O-O 13. Ne5 Bd6 {1-0 (35) Bodiagin,A-Konovalov,V (2258) Dagomys 2009}) 9... Be6 $11 10. c3 Nbd7 11. Nbd2 Rc8 12. b4 Qd8 13. Re1 {Threatens to win with Rxe6!} O-O 14. Qb2 Nh5 15. Bxe7 Qxe7 16. Bf5 Qf6 17. Bxe6 fxe6 18. Nf1 Nf4 19. Re3 $1 Rce8 {Threatening ...e5.} 20. Rae1 h5 (20... e5 $5 21. Nxe5 Nxe5 22. dxe5 Rxe5 23. Rxe5 Nd3 $15) 21. h4 Nb6 22. N1d2 Qf5 23. Qb1 {Black must now prevent Qxf5.} Qg4 $40 {[%csl Gf4][%cal Rg4g2][%mdl 128] Black attacks.} 24. g3 Rf5 25. Rf1 {Strongly threatening Nh2.} Ref8 $2 (25... Nh3+ $1 $11 26. Kg2 Nf4+ 27. Kg1 Nh3+ 28. Kg2 Ref8) 26. Ng5 $2 ({Only move:} 26. Nh2 $1 $18 {[%cal Rh2g4]} Qg6 27. Kh1) 26... Ne2+ 27. Kg2 $1 {And now Ndf3 would win.} ({Avoid the trap} 27. Kh1 $2 Rxg5 28. Rxe2 Qxe2 $19) 27... Nf4+ 28. Kg1 $1 (28. Kh1 {leads to mate.} Rxg5 29. Qf5 exf5 30. Kg1 Qh3 $1 {[%mdl 512]} 31. hxg5 Qg2#) 28... R8f6 (28... Rxg5 $5 29. hxg5 Nh3+ 30. Kg2 Nf4+ 31. Kg1 Nh3+ 32. Kg2 Nf4+ 33. Kg1 $11) 29. Qd1 (29. Qe1 $11 Rxg5 30. hxg5) 29... Rxg5 $1 $17 30. hxg5 Nh3+ 31. Kg2 Nf4+ (31... Rxf2+ $1 $17 32. Rxf2 Qxd1 33. Kxh3 Qg4+ 34. Kh2 h4 35. gxh4 Qxh4+ 36. Kg2 Nc8) 32. Kg1 $11 Qxg5 (32... Nh3+ $11 33. Kg2 Rxf2+ 34. Kh1 {[#]} Rxd2 $1 {[%mdl 512]} 35. Qxd2 Nc4) 33. Re5 (33. Kh2 $16) 33... Qg6 $15 34. Kh2 Nd3 $1 {[%csl LRe5,LRf2][%cal Bf4d3,Bd3f2,Bf2d1][%mdl 32] ...h4 is the strong threat.} 35. Rxh5 $2 {[%mdl 8192]} (35. f4 $17 Nxe5 36. dxe5) 35... Nxf2 $19 36. Rh4 Nxd1 {Precision: White = 32%, Black = 52%.} 0-1

[Event "NOR-ch Elite 2017"]
[Site "Stavanger"]
[Date "2017.07.01"]
[Round "2"]
[White "Gronn, Atle"]
[Black "Arvola, Benjamin"]
[Result "0-1"]
[WhiteElo "2331"]
[BlackElo "2435"]
[Annotator "TA"]
[PlyCount "98"]
[EventDate "2017.??.??"]
[EventType "swiss"]
[EventCountry "NOR"]
[SourceTitle "playchess.com"]
[Source "ChessBase"]
[SourceQuality "1"]

{[%evp 16,98,26,20,22,16,24,18,14,18,28,18,52,56,54,54,60,52,75,73,77,81,109,101,104,101,106,112,167,156,156,153,123,87,90,91,136,137,148,68,68,25,60,0,0,-41,-41,-41,-41,-311,-319,-313,-304,-289,-289,-289,-141,-141,-141,-141,-141,-638,-591,-596,-591,-575,-564,-522,-504,-483,-445,-1486,-1378,-5293,-2061,-6585,-5667,-5652,-715,-1920,-922,-5406,-5081,-5393,-5319]} 1. Nf3 Nf6 2. c4 c6 3. Nc3 d5 4. e3 Bg4 5. h3 Bxf3 6. Qxf3 e6 7. d4 Nbd7 8. Bd2 {D11: Slav Defence: 3 Nf3 sidelines and 3...Nf6 4 e3 Bg4} (8. a3 g6 9. Bd2 Bg7 10. cxd5 exd5 11. Bd3 O-O 12. O-O Re8 13. Rfc1 Nf8 14. b4 Ne6 15. Ra2 a6 {½-½ (42) So,W (2794)-Rodshtein,M (2687) Douglas 2016}) 8... Bb4 9. Bd3 {LiveBook: 194 Games} dxc4 10. Bxc4 {The position is equal.} e5 11. a3 exd4 $146 ({Predecessor:} 11... Ba5 12. O-O O-O 13. Rad1 Bc7 14. Ba2 exd4 15. exd4 h6 {½-½ (15) Zarubin,P (2410)-Rublevsky,S (2550) St Petersburg 1994}) 12. exd4 Nb6 13. Ba2 $40 {[%mdl 128] White mounts an attack.} (13. Bb3 $5 {[%cal Ra3b4]} Bxc3 14. bxc3 $14) 13... Be7 14. O-O O-O 15. Rfe1 Qd7 16. Bf4 Nfd5 17. Be5 $1 f6 18. Bg3 Rfe8 19. Ne4 Bf8 20. Nc5 Qf7 21. b4 Rad8 (21... a6 $16 {was called for.}) 22. Rxe8 $1 $18 Rxe8 23. a4 a6 {[#]} 24. b5 $1 {[%mdl 512]} axb5 25. axb5 Ra8 26. Kh2 $1 f5 27. Be5 (27. Bxd5 $16 cxd5 28. Rxa8 Nxa8 29. Qf4) 27... Nc4 $1 $14 28. bxc6 bxc6 29. Nd3 ({White should try} 29. Bg3 $1 $14) 29... Ra3 $11 30. Bxc4 Rxa1 31. Nf4 {[%cal Rf4d5]} Ra3 32. Nxd5 $4 {[%mdl 8192]} ({White should play} 32. Qd1 $15) 32... Rxf3 $19 33. Ne7+ Bxe7 34. Bxf7+ Kxf7 35. gxf3 {[%mdl 4096] Endgame KB-KB} Bf6 (35... g6 $19 {is more deadly.} 36. Kg2 Ke6) 36. f4 $17 Bh4 $1 37. Kg2 {[#]} g6 $1 38. Kf3 $2 {[%mdl 8192]} (38. d5 $17 cxd5 39. Bd4) 38... Ke6 $19 {Black is clearly winning.} 39. Ke3 {[#]} Kd5 $1 {[%cal Rd5c4]} 40. Bg7 Kc4 41. Be5 Be7 42. Bc7 Ba3 43. Be5 (43. Bb6 $142 Bc1+ 44. Ke2) 43... Bb2 44. f3 Bc3 45. Bc7 Bxd4+ 46. Kd2 Bf2 (46... Kb3 $142 47. Ke2 Ba7) 47. Bd8 Bg3 (47... Kb3 $142 48. Ke2 Bc5) 48. Bg5 Kb3 49. Ke3 c5 {Precision: White = 41%, Black = 59%.} 0-1

[Event "NOR-ch Elite 2017"]
[Site "Stavanger"]
[Date "2017.07.01"]
[Round "2"]
[White "Gandrud, Vegar Koi"]
[Black "Urkedal, Frode"]
[Result "1/2-1/2"]
[WhiteElo "2330"]
[BlackElo "2541"]
[Annotator "TA"]
[PlyCount "99"]
[EventDate "2017.??.??"]
[EventType "swiss"]
[EventCountry "NOR"]
[SourceTitle "playchess.com"]
[Source "ChessBase"]
[SourceQuality "1"]

{[%evp 9,99,13,10,0,14,7,21,22,22,20,24,10,13,-9,26,19,19,0,2,10,13,0,0,0,0,0,19,0,0,0,20,0,0,0,33,31,29,29,31,27,57,43,46,55,39,8,8,8,18,0,2,0,0,0,0,0,0,0,11,0,0,0,1,0,0,0,0,0,0,0,0,0,0,0,0,0,0,0,0,0,0,0,0,0,0,0,0,0,0,0,0,0]} 1. d4 Nf6 2. c4 e6 3. Nf3 b6 4. g3 Ba6 5. Nbd2 Bb4 6. Qa4 {E15: Queen's Indian: 4 g3 sidelines, 4 g3 Ba6 and 4 g3 Bb7 early deviations} Qe7 (6... c5 7. a3 Bxd2+ 8. Bxd2 O-O 9. dxc5 bxc5 10. Bg2 Qb6 11. O-O Nc6 12. Be3 Rfc8 13. Rfd1 d5 14. cxd5 exd5 15. Bxc5 {1-0 (41) Carlsen,M (2851)-Harikrishna,P (2763) Stavanger 2016}) 7. a3 Bxd2+ $1 8. Bxd2 Bb7 9. Bg2 O-O 10. O-O d6 11. b4 Ne4 12. Qc2 Nxd2 13. Nxd2 $146 ({Predecessor:} 13. Qxd2 Nd7 14. Rfe1 f5 15. Nh4 Bxg2 16. Nxg2 {½-½ (47) Stonavsky,F (1730)-Kolar,S (2080) Orlova 2015}) 13... Bxg2 14. Kxg2 Nd7 15. Nb3 c5 16. Rfd1 Rac8 17. Rac1 Rfd8 18. Qd3 cxd4 19. Qxd4 Nf6 20. Qe3 Qb7+ 21. Qf3 Qa6 22. Nd4 Rxc4 23. Rxc4 Qxc4 24. Nc6 Re8 25. Rxd6 a5 26. Qd3 Qxd3 $1 27. Rxd3 axb4 {The position is equal.} 28. axb4 $14 {[%mdl 4096] Endgame KRN-KRN} Ra8 29. Kf3 h5 30. Rd8+ Rxd8 31. Nxd8 $11 {KN-KN} Kf8 32. Nc6 Ke8 33. e4 g5 34. h3 Kd7 35. Ne5+ Ke7 36. Ke3 Ne8 37. Kd4 Nc7 $1 38. Nc4 b5 39. Ne5 Na6 40. Nd3 f6 41. f4 Kd6 42. e5+ fxe5+ 43. fxe5+ Ke7 44. h4 gxh4 45. gxh4 Kf7 46. Ke4 Kg6 47. Nf4+ Kf7 48. Nd3 Kg6 49. Nf4+ (49. Nc5 $5 {[%cal Rc5a6]} Nc7 50. Nb7 $11) 49... Kf7 50. Nd3 {Precision: White = 58%, Black = 79%.} 1/2-1/2

[Event "NOR-ch Elite 2017"]
[Site "Stavanger"]
[Date "2017.07.01"]
[Round "2"]
[White "Risting, Eivind Olav"]
[Black "Elsness, Frode"]
[Result "1/2-1/2"]
[WhiteElo "2295"]
[BlackElo "2466"]
[Annotator "TA"]
[PlyCount "192"]
[EventDate "2017.??.??"]
[EventType "swiss"]
[EventCountry "NOR"]
[SourceTitle "playchess.com"]
[Source "ChessBase"]
[SourceQuality "1"]

{[%evp 20,192,5,-8,0,-20,0,-4,31,29,25,20,18,5,55,0,0,3,29,0,0,0,0,0,0,0,0,0,0,-25,-25,-57,-27,-55,0,0,0,-9,0,0,0,-9,-7,-77,-81,-73,-53,-57,-21,-101,-98,-94,13,-272,-29,-275,-69,-69,-72,-66,-60,-68,0,0,0,-29,-29,-29,-29,-31,-29,-29,-29,-29,-29,-29,-29,-31,-21,-29,-29,-43,-34,-34,-29,-29,-29,-29,-29,-29,-29,-34,-21,-27,-44,-58,-6,-6,-6,-6,-6,-32,-14,-15,-8,-8,-8,-8,-8,-23,-8,-8,-8,-14,-14,-14,-8,-8,-8,-8,-8,-8,8,0,0,0,8,8,23,0,0,-21,-21,-30,-30,-30,-30,-30,-30,-30,-30,-30,-29,-29,-29,-30,-29,-31,-29,-31,-30,-30,-30,-30,-29,-29,-28,-28,-28,-28,-28,-31,-28,-32,-32,-32,-32,-32,-32,-32,-31,-32,-31,-32,0]} 1. Nf3 d5 2. g3 c5 3. Bg2 Nf6 4. O-O e6 5. c4 d4 6. e3 Nc6 7. exd4 cxd4 8. d3 Bd6 {A13: English Opening: 1...e6} 9. Na3 (9. Bg5 h6 10. Bxf6 Qxf6 11. Nbd2 Qd8 12. a3 a5 13. Rc1 O-O 14. Re1 Bd7 15. c5 Be7 16. Ne4 {½-½ (26) Bruzon Batista,L (2652)-Mareco,S (2648) Saint Louis 2017}) 9... O-O 10. Nc2 e5 11. b4 {LiveBook: 8 Games} Re8 12. Rb1 Rb8 13. Re1 b5 14. cxb5 $146 ({Predecessor:} 14. c5 Bc7 15. Bg5 Bd7 16. Qd2 {1-0 (25) Cekro,E (2395)-Ducaert,F Bruges 1997}) 14... Rxb5 15. a4 Rb8 16. b5 a6 {[%cal Ba7a6,Ba6b5][%mdl 32]} 17. Bg5 (17. Bf4 $14) 17... axb5 $1 $11 18. Bxf6 Qxf6 19. Ncxd4 Nxd4 20. Nxd4 Bc5 21. Nf3 Bd7 22. axb5 Rxb5 23. Rxb5 Bxb5 24. Qc2 (24. Qb3 $5 {[%cal Rb3b5]} Bc6 25. Qc3 $15) 24... Qd6 25. Bf1 Qd5 $36 {[%mdl 2048] Black has the initiative.} 26. Ng5 Bd4 (26... h6 $15 27. Ne4 Rc8) 27. Bg2 Qd7 28. Bh3 Qd5 29. Bg2 Qd7 30. Bh3 Qa7 31. Ne4 (31. Rb1 $11 Bd7 32. Bxd7 Qxd7 33. Nf3) 31... Qa6 $17 32. Rd1 Ba4 33. Qa2 Ra8 34. Rd2 (34. Rb1 $11 {keeps the balance.}) 34... Qb7 35. Nd6 Qc7 {[#]} (35... Bb3 $17 36. Nxb7 Bxa2) 36. Nc4 $2 {[%mdl 8192]} (36. Nxf7 $1 $11 {[%mdl 512]} Bc6 (36... Qxf7 37. Be6) 37. Nh6+ Kh8 38. Nf7+ Kg8 39. Qc4 Ra1+ 40. Bf1 Qxf7 41. Qxc6) 36... Bc3 $2 ({Black should try} 36... Qb8 $19 37. Bg2 Ra7) 37. Re2 $2 {[#]} (37. Rc2 $11 Bc6 38. Qb3) 37... Bc6 $2 (37... Qb8 $1 $19 38. Bg2 {[#]} Bc6 $1 {[%mdl 512]}) 38. Qb3 $1 $15 {[%cal Rb3c3]} Ra1+ 39. Bf1 Bd4 {And now ...g6 would win.} 40. Ra2 Bb7 (40... Rc1 $15 41. Ne3 Rc3) 41. Rxa1 $11 Bxa1 42. Qa4 {[%cal Ra4e8]} Qc6 43. Qxc6 Bxc6 {[%mdl 4096] Endgame KBB-KBN} 44. Bg2 Ba4 45. Bd5 Kf8 46. Nd6 f6 {[%cal Bf7f6,Bf6f5,Bf5f4][%mdl 32]} 47. Kf1 Bd4 48. Ke2 g6 49. Ne4 Ke7 50. h4 h6 51. Nd2 f5 52. Nf3 Ba7 53. Bc4 Kf6 54. Nd2 Bc6 55. Nb1 f4 56. Nd2 Kf5 57. Ne4 g5 (57... fxg3 $15 58. Nxg3+ Kg4) 58. hxg5 hxg5 59. Nd6+ Kg6 60. gxf4 exf4 61. f3 Bd7 (61... Bc5 $5 {[%cal Rc5d6]} 62. Ne4 Bd4 $15) 62. Bb5 Bh3 63. Be8+ Kh6 64. Nb5 Be3 {Threatening ...g4.} 65. Nd6 Bb6 66. Nc4 Bd4 67. Nd6 Bg1 68. Nf7+ Kh5 69. Ne5+ Kh4 70. Bd7 Bg2 71. Bg4 Kg3 72. Nf7 Be3 (72... Bxf3+ $5 73. Bxf3 g4 $14) 73. Nxg5 Kh2 $1 74. Ne6 Kg1 $1 75. Nxf4 Bxf4 76. d4 Bf1+ 77. Kd1 Kf2 {Threatens to win with ...Bc4.} 78. Kc2 Ke3 79. Kc3 Bg3 80. d5 Be5+ 81. Kb4 Kd4 82. Bf5 Bc4 {...Bd6+ is the strong threat.} (82... Bd6+ $2 83. Ka4 $19) 83. Bd7 Bg3 {Black wants to play ...Bd6+.} 84. Ka5 Kc5 {aiming for ...Kd6.} 85. Bc6 Be1+ 86. Ka4 Bb4 {Strongly threatening ...Bd3.} 87. f4 Ba2 {[#]} 88. d6 $1 {[%mdl 512]} Bb1 {[%cal Rb1c2]} (88... Kxd6 89. Kxb4) 89. Kb3 Ba5 90. Bf3 Kxd6 91. Ka4 Bd2 {Black is slightly better.} 92. Kb5 Bd3+ 93. Kb6 Bxf4 94. Kb7 Kd7 95. Bc6+ Kd8 96. Bd5 Kd7 {Precision: White = 48%, Black = 53%.} 1/2-1/2

[Event "NOR-ch Elite 2017"]
[Site "Stavanger"]
[Date "2017.07.01"]
[Round "2"]
[White "Machlik, Endre"]
[Black "Haldorsen, Benjamin"]
[Result "0-1"]
[WhiteElo "2194"]
[BlackElo "2356"]
[Annotator "TA"]
[PlyCount "58"]
[EventDate "2017.??.??"]
[EventType "swiss"]
[EventCountry "NOR"]
[SourceTitle "playchess.com"]
[Source "ChessBase"]
[SourceQuality "1"]

{[%evp 19,58,34,33,19,33,35,70,0,0,0,0,0,0,0,0,-44,-39,-39,-44,-59,-60,-69,-82,-85,-50,-254,-250,-228,-114,-591,-580,-567,-77,-79,-93,-473,-479,-722,-716,-702,-704]} 1. d4 d5 {[%cal Bd7d5,Bd5c4][%mdl 32]} 2. c4 dxc4 3. e4 b5 4. a4 c6 5. Nc3 a6 6. axb5 {D20: Queen's Gambit Accepted: 3 e3 and 3 e4} cxb5 7. Nxb5 axb5 8. Rxa8 Bb7 9. Ra1 e6 10. Nf3 (10. Ne2 Bxe4 11. Nc3 Bc6 12. Be2 b4 13. Nb1 Bxg2 {1-0 (34) Rodshtein,M (2698)-Alekseenko,K (2585) Sochi 2017}) 10... Nf6 {LiveBook: 8 Games} 11. Be2 Nxe4 12. O-O Nc6 {[%cal Bb8c6,Bc6a5,Ba5b3][%mdl 32]} 13. Be3 $146 (13. b3 $1 $14) 13... Bb4 14. Ne5 O-O 15. Bf3 Na5 16. Qc2 f5 17. Rad1 Qe7 {[%mdl 1024] Black has compensation.} 18. g3 Bd5 19. Rb1 Qb7 20. Bg2 Nb3 21. Rbd1 Rd8 22. g4 $2 {[#]} (22. f3 $15 Nd6 23. Kh1) 22... Ned2 $1 $19 23. Bxd5 Rxd5 (23... Qxd5 $19 24. Rfe1 Nxd4 25. Bxd4 Qxd4) 24. Rfe1 $2 {[%mdl 8192] [#]} (24. Rxd2 $17 Bxd2 25. Rd1) 24... Rxe5 $1 {[%mdl 512]} 25. Bxd2 (25. dxe5 Nf3+) 25... Rxe1+ $2 (25... Bxd2 $2 26. dxe5 (26. Rxe5 $2 {perishes.} Nxd4 27. Qxd2 Nf3+ 28. Kf1 Nxd2+ 29. Rxd2 fxg4 $19) 26... Nd4 27. Rxd2 $19) (25... Nxd4 $19 {and Black stays clearly on top. ( -> ...Nf3+)} 26. Rxe5 Nxc2 27. Bxb4 Nxb4 28. gxf5 exf5 29. Rd8+ Kf7 30. Rxf5+ Kg6) 26. Bxe1 $17 Bxe1 27. Rxe1 $4 {[%mdl 8192]} (27. Qe2 $17 Bb4 28. Qxe6+ Qf7 29. Qc8+ Qf8 30. Qe6+ Qf7 31. gxf5) 27... Nxd4 $19 {Black is clearly winning.} 28. Qd1 (28. Qc3 $142 Nf3+ 29. Kf1 Nxe1 30. Kxe1) 28... Nf3+ 29. Kf1 Nxh2+ {Precision: White = 27%, Black = 63%.} 0-1

[Event "NOR-ch Elite 2017"]
[Site "Stavanger"]
[Date "2017.07.02"]
[Round "3"]
[White "Agdestein, Simen"]
[Black "Gandrud, Vegar Koi"]
[Result "1-0"]
[WhiteElo "2604"]
[BlackElo "2330"]
[Annotator "TA"]
[PlyCount "81"]
[EventDate "2017.??.??"]
[EventType "swiss"]
[EventCountry "NOR"]
[SourceTitle "playchess.com"]
[Source "ChessBase"]
[SourceQuality "1"]

{[%evp 12,81,18,9,6,-10,1,-9,13,22,18,23,20,-11,16,29,33,33,42,35,59,50,66,1,147,146,140,139,140,139,140,154,154,146,156,156,156,154,161,156,207,195,216,224,219,200,290,293,284,284,279,0,212,0,273,261,302,259,245,228,226,222,230,0,233,229,479,410,782,733,895,823]} 1. d4 Nf6 2. Nf3 g6 3. Bg5 Bg7 4. Nbd2 d5 5. e3 Nbd7 6. Be2 O-O 7. O-O c5 {D03: 1 d4 d5 2 Nf3 Nf6 3 Bg5, including Torre Attack with early ...d5} 8. a4 b6 (8... h6 $5 {[%cal Rh6g5]} 9. Bxf6 Bxf6 $11) 9. a5 $146 ({Predecessor:} 9. c3 Bb7 10. a5 h6 11. Bh4 g5 12. Bg3 Nh5 13. Qa4 Nxg3 14. hxg3 Qc7 15. Bb5 Rad8 16. axb6 axb6 17. Qb3 Nf6 18. Ra7 {½-½ (42) Hug,W (2453)-Polgar,J (2687) Zuerich 2009}) 9... a6 {The position is equal.} (9... h6 $5 {[%cal Rh6g5]} 10. Bf4 Bb7 $11) 10. axb6 Qxb6 11. Ra2 Re8 12. Nb3 cxd4 13. exd4 Ne4 14. Bf4 a5 15. Qa1 e5 16. Be3 $1 exd4 17. Nbxd4 (17. Nfxd4 $14 Ne5 18. Nf5 $1 {[%mdl 512]} (18. Rxa5 Rxa5 19. Qxa5 Qxa5 $16)) 17... Ne5 {[#]} (17... Ba6 $11) 18. Nf5 $1 $16 {[%mdl 512]} Nxf3+ (18... Bxf5 19. Bxb6) 19. Bxf3 d4 20. Nxg7 dxe3 21. Nxe8 exf2+ 22. Kh1 Bb7 23. Bxe4 Bxe4 24. Nd6 Qxd6 25. Rxf2 $40 {[%mdl 128] White is out for blood.} Qc5 (25... Rd8 $16 26. Qe1 f5) 26. Qf1 $18 Rd8 {next ...Rd1 is good for Black.} 27. Ra1 (27. Rxf7 $2 Rd2 $19) 27... Bf5 28. Qe1 Rd5 (28... Qb5 $142 29. b3 Re8) 29. Rd2 Re5 30. Re2 Rd5 31. Rd2 Re5 $1 {[%cal Re5e1]} 32. Re2 Rd5 $1 33. h3 Qd6 34. Re8+ ({Don't take} 34. Rxa5 $2 Rd1 $19) 34... Kg7 35. Qc3+ Kh6 36. Qe3+ Kg7 37. Qc3+ Kh6 $1 38. Rxa5 Rxa5 $2 (38... Rd2 {keeps fighting.} 39. Qe5 Qxe5 40. Raxe5 (40. Rexe5 Rxc2 41. Ra7 Be6 $18) 40... Rxc2) 39. Qxa5 Bxh3 (39... Bxc2 $142 40. Qc3 Qd1+ 41. Kh2 Qd6+ 42. Kh1 Qd1+ 43. Kh2 Qd6+ 44. Qg3 Qd2) 40. Qe5 Qc6 41. Qe4 {Precision: White = 67%, Black = 37%.} 1-0